Loading...

Sugandhi enna andal devanayaki

Bibliographic Details
Main Author: Ramakrishnan T D
Format: Printed Book
Published: Kottayam D C Books 2014
Subjects:
LEADER 00704nam a22001817a 4500
020 |a 978-81-264-5232-3 
082 |a M3  |b RAM/S 
100 |a Ramakrishnan T D 
245 |a Sugandhi enna andal devanayaki 
260 |a Kottayam  |b D C Books  |c 2014 
300 |a 295p. 
650 |a Novel Malayalam 
650 |a Literature Malayalam 
650 |a Literature  
942 |c BK 
999 |c 53932  |d 53932 
952 |0 0  |1 0  |4 0  |6 M_3_000000000000000_RAM_S  |7 0  |9 77726  |a SSUS  |b SSUS  |c STACKS  |d 2015-06-11  |g 230.00  |l 19  |m 2  |o M3 RAM/S  |p 076104  |r 2020-06-17  |s 2020-01-27  |w 2015-06-11  |y BK 
952 |0 0  |1 0  |4 0  |6 M_3_000000000000000_RAM_S  |7 0  |9 77727  |a SSUS  |b SSUS  |c STACKS  |d 2016-02-23  |g 230.00  |l 18  |o M3 RAM/S  |p 081121  |r 2020-02-27  |s 2020-02-07  |w 2016-02-23  |y BK